[Event "FIDE World Cup 2017"]
[Site "Tbilisi"]
[Date "2017.09.04"]
[Round "1.2"]
[White "Erdos, Viktor"]
[Black "Amin, Bassem"]
[Result "1/2-1/2"]
[WhiteElo "2619"]
[BlackElo "2699"]
[Annotator "TA"]
[PlyCount "138"]
[EventDate "2017.??.??"]
[EventType "k.o."]
[EventCountry "GEO"]
[SourceTitle "playchess.com"]
[Source "ChessBase"]
[SourceQuality "1"]

{[%evp 25,137,0,0,0,0,0,30,8,6,-18,-16,-22,-11,-30,0,0,-23,-23,61,62,56,22,122,126,120,120,116,0,0,0,0,-45,-50,-63,-61,-78,0,0,81,81,416,0,0,-39,-42,-40,-36,-41,-52,-60,-20,-108,-106,-225,-237,-194,-191,-248,-273,-267,-256,-247,-213,-208,-200,-206,-213,-238,-261,-239,-221,-232,-196,-204,-193,-485,-485,-485,-472,-454,-444,-533,-494,-682,-660,-622,-612,-501,-955,-691,-674,-12839,-12839,-12839,-12839,-12840,-12840,-12841,-12842,-12843,-12843,-12850,-12851,-12851,-12851,-12851,-12851,-12851,-12851,-12851,0,0,0,0]} 1. Nf3 Nf6 2. c4 g6 3. Nc3 Bg7 4. e4 d6 5. d4 O-O 6. Be2 e5 7. d5 a5 8. Bg5 h6 9. Be3 Ng4 {E92: King's Indian: Classical: 6 Be2 e5: 7 dxe5, 7 Be3 and Petrosian System without 7...Nbd7} 10. Bd2 f5 11. h3 Nf6 12. exf5 gxf5 13. Qc1 f4 {LiveBook: 31 Games} 14. g3 e4 $1 {[%cal Re4f3]} 15. Nh4 e3 $1 {[%cal Re3f2]} 16. fxe3 fxg3 {Hoping for ...Ne4!} 17. Ng6 {[#]} Re8 $146 18. Rg1 Bf5 19. Rxg3 Nbd7 20. Nf4 $36 {[%mdl 2048] White fights for an advantage.} Nc5 21. Bf3 Kh8 (21... Qe7 $11) 22. Ke2 $1 $14 Nfd7 23. Qg1 (23. Rxg7 Kxg7 24. e4 Kh7 $17) (23. e4 $5) 23... Rg8 (23... Be5 $11 24. Kd1 Qf6) 24. Bg4 $1 $16 {[%cal Rg4f5]} Bxg4+ 25. Rxg4 {Intending Ng6+ and mate.} Ne5 26. Ng6+ (26. Qb1 $1 $16) 26... Nxg6 $11 27. Rxg6 Nd7 $1 28. Rg4 Ne5 {[%mdl 1024] Black has compensation.} 29. Rf4 Qe8 $1 {[%cal Re8h5] ...Qh5+ is the strong threat.} 30. Rh4 Bf8 (30... Qe7 $1 $17 {[%cal Re7h4]} 31. Rf4 Bf6) 31. Qf2 Qg6 (31... Rg6 $11) 32. e4 $16 Nxc4 $2 {[%mdl 8192] [#]} (32... Kh7 $16) 33. Rg4 $2 (33. Bxh6 $1 $18 {[%mdl 512]} Bxh6 34. Rg1 $1 {[%mdl 512]}) 33... Qh5 $11 34. Qf6+ Bg7 35. Qh4 Qxh4 36. Rxh4 Nxd2 ({Inferior is} 36... Nxb2 37. Nb5 $16) 37. Kxd2 Raf8 38. Re1 {[#]} (38. Ne2 $11 {remains equal.}) 38... Kh7 $1 $17 39. Rg4 (39. Rh5 $17) 39... h5 $19 {[%cal Bh6h5,Bh5h4][%mdl 32]} 40. Rgg1 Rf2+ 41. Ne2 (41. Kc1 {is a better defense.}) 41... Rgf8 ({Not} 41... Bxb2 42. Rxg8 Kxg8 43. Rb1 $15) 42. Rg3 h4 ({But not} 42... Bxb2 43. Rb3 $17) 43. Rb3 R8f3 44. Rxf3 Rxf3 {[%mdl 4096] Endgame KRB-KRN} 45. Ng1 Rg3 46. Rf1 Bxb2 47. Nf3 Bf6 48. Ke3 Rxh3 49. Kf4 Rg3 50. Nxh4 $2 (50. Kf5 {might work better.} Kg7 51. Ke6) 50... Bxh4 {KRB-KR} 51. Rh1 Rg2 52. Rxh4+ {KR-KR} Kg6 53. a4 Ra2 54. Rh1 Rxa4 55. Rc1 Rb4 56. Rxc7 a4 57. Rc8 {[#]} Rb6 $1 58. e5 Rb4+ 59. Ke3 dxe5 60. d6 Rd4 61. Ra8 b5 62. Ra5 Kf5 63. Rxb5 Rxd6 64. Ra5 Rd4 65. Ra8 Rh4 66. Rf8+ Ke6 67. Ra8 a3 $2 (67... Rb4 $19 {Threatens to win with ...Kd5.} 68. Kd3 Rf4) 68. Rxa3 $11 Rh3+ 69. Ke4 Rxa3 $2 {[%mdl 8192] Precision: White = 51%, Black = 66%.} (69... Rh1) 1/2-1/2

[Event "FIDE World Cup 2017"]
[Site "Tbilisi"]
[Date "2017.09.04"]
[Round "1.2"]
[White "Sethuraman, S P"]
[Black "Ponomariov, Ruslan"]
[Result "*"]
[WhiteElo "2617"]
[BlackElo "2694"]
[Annotator "TA"]
[PlyCount "97"]
[EventDate "2017.??.??"]
[EventType "k.o."]
[EventCountry "GEO"]
[SourceTitle "playchess.com"]
[Source "ChessBase"]
[SourceQuality "1"]

1. e4 {Program Activation Required} e5 2. Nf3 Nc6 3. Bb5 a6 4. Ba4 Nf6 5. O-O Be7 6. Re1 b5 7. Bb3 O-O 8. c3 d6 9. h3 a5 10. d4 a4 11. Bc2 Bd7 12. Na3 {C92: Spanische Partie (Tschigorin-Variante)} (12. Nbd2 Re8 13. Nf1 Bf8 14. Ng3 h6 15. Bd2 Qc8 16. Bd3 Qb7 17. Qc2 g6 18. b4 Bg7 19. a3 Rac8 20. Rac1 {0-1 (113) Polgar,J (2682)-Nakamura,H (2733) Cap d'Agde 2010}) 12... Rb8 13. d5 Na7 14. Be3 c5 $146 ({Vorgänger:} 14... Rb7 15. b3 axb3 16. axb3 Qb8 17. Qe2 c6 18. c4 c5 19. b4 cxb4 20. Bxa7 Qxa7 21. Nxb5 {½-½ (34) Tarhon,B (2285)-Nagy,G (2439) Zalakaros 2016}) 15. Nxe5 dxe5 16. d6 Rc8 17. f4 Ne8 18. dxe7 Qxe7 19. fxe5 Bc6 20. Qh5 Nc7 21. Nb1 Be8 22. Nd2 Nc6 23. Nf3 Ne6 24. Rad1 Rd8 25. Rd5 a3 26. bxa3 Ra8 27. Bc1 Na5 28. Ng5 h6 29. Nf3 Nc4 30. Qg4 Nxa3 31. Bd1 Nb1 32. Nh4 h5 33. Qg3 Nxc3 34. Nf5 Nxd5 35. exd5 Qd7 36. Bh6 Kh7 37. Bxg7 Rg8 38. Bc2 Rxa2 39. Nh6+ Rxc2 40. Nxg8 Kxg8 41. Bf6+ Kh7 42. Qd3+ Kh6 43. Qe3+ Kh7 44. Qe4+ Kh6 45. Qxc2 Qxd5 46. Rd1 Qc4 47. Qd2+ Kg6 48. Qf2 Qf4 49. Qc2+ *

[Event "FIDE World Cup 2017"]
[Site "Tbilisi"]
[Date "2017.09.04"]
[Round "1.2"]
[White "Cordova, Emilio"]
[Black "Rapport, Richard"]
[Result "0-1"]
[WhiteElo "2616"]
[BlackElo "2675"]
[Annotator "TA"]
[PlyCount "90"]
[EventDate "2017.??.??"]
[EventType "k.o."]
[EventCountry "GEO"]
[SourceTitle "playchess.com"]
[Source "ChessBase"]
[SourceQuality "1"]

{[%evp 13,90,23,27,-17,-5,-6,17,-22,30,0,0,0,-7,-6,-8,-19,-25,-37,-31,-60,-36,-75,-75,-75,-63,-75,-71,-78,-59,-96,-97,-125,-74,-176,-173,-173,-132,-136,-111,-160,-165,-166,-153,-141,-145,-164,-162,-154,-162,-383,-374,-373,-352,-400,-352,-407,-391,-431,-418,-458,-430,-457,-445,-413,-413,-406,-406,-427,-333,-426,-418,-495,-472,-492,-492,-457,-351,-350,-350]} 1. d4 d5 2. Nf3 Nf6 3. c4 c6 4. e3 Bf5 5. Nc3 e6 6. Nh4 Bg6 7. Qb3 {D12: Slav Defence: 3 Nf3 Nf6 4 e3 Bf5} (7. Be2 Nbd7 8. g3 Bd6 9. O-O O-O 10. Nxg6 hxg6 11. c5 Bc7 12. b4 e5 13. b5 Ba5 14. Bd2 exd4 15. exd4 Re8 16. bxc6 bxc6 17. Ba6 Rb8 18. Qc2 Bxc3 19. Qxc3 Ne4 20. Qd3 Qf6 21. Rfe1 Nf8 {1-0 (21) Wang,Y (2699)-Bu,X (2710) Huocheng County 2017}) 7... Qc7 {LiveBook: 224 Games} 8. f3 Be7 9. g3 {The position is equal.} Nbd7 10. Bd2 a6 $146 ({Better is} 10... Bh5) ({Predecessor:} 10... Bd6 11. cxd5 exd5 12. O-O-O b5 13. Nxg6 hxg6 14. Bd3 {1-0 (33) Chatalbashev,B (2455)-Stefanova,A (2370) Cannes 1996}) 11. Rc1 dxc4 12. Bxc4 b5 {[%cal Bb7b5,Bb5b4][%mdl 32]} 13. Be2 c5 14. Nxg6 hxg6 15. a4 b4 16. Na2 {[%cal Ra2b4]} Bd6 {White must now prevent ...Bxg3+!} 17. f4 Ne4 $36 {[%mdl 2048] aiming for ...Nxg3! Black is in control.} 18. Bf3 Nxd2 19. Kxd2 Rc8 20. Qc4 a5 21. Ke2 Qa7 22. h4 Ke7 ({Black should play} 22... O-O 23. Rhd1 Rfd8) 23. b3 (23. Qd3 $17) 23... cxd4 $19 24. Qxd4 Bc5 25. Qe4 Qa6+ 26. Qd3 Qxd3+ 27. Kxd3 Bb6 {Threatens to win with ...Nc5+.} 28. Rxc8 Rxc8 29. Rc1 Rd8 {And now ...Ne5+ would win.} 30. Ke2 Nc5 31. Rxc5 $2 (31. Rb1 {keeps fighting.}) 31... Bxc5 {[%mdl 4096] Endgame KRB-KBN} 32. Bb7 Rd7 33. Bf3 Rc7 34. Be4 {[#]} e5 $1 35. Bd3 (35. fxe5 Ke6) 35... exf4 36. gxf4 Rc8 37. Bc4 Rh8 38. Nc1 Rxh4 39. Nd3 Bd6 40. Bd5 f5 41. Bg2 {[#]} g5 $1 {[%cal Rg5f4]} 42. fxg5 Rg4 43. Bf3 Rxg5 44. Nb2 Rg3 45. Nc4 Bc7 {Precision: White = 31%, Black = 80%.} 0-1

[Event "FIDE World Cup 2017"]
[Site "Tbilisi"]
[Date "2017.09.04"]
[Round "1.2"]
[White "Delgado Ramirez, Neuris"]
[Black "Vidit, Santosh Gujrathi"]
[Result "0-1"]
[WhiteElo "2614"]
[BlackElo "2702"]
[Annotator "TA"]
[PlyCount "88"]
[EventDate "2017.??.??"]
[EventType "k.o."]
[EventCountry "GEO"]
[SourceTitle "playchess.com"]
[Source "ChessBase"]
[SourceQuality "1"]

{[%evp 15,88,-27,-27,-34,-22,-86,-77,-115,-106,-123,-60,-49,-46,-43,-17,-61,-2,-48,-47,-53,-43,-42,-43,-22,-20,-20,-19,-16,-16,-20,-20,-18,-17,-77,-80,-81,-55,-108,-96,-135,-135,-135,-135,-131,-125,-170,-168,-168,-176,-166,-141,-141,-133,-152,-148,-151,-133,-138,-139,-231,-218,-236,-240,-296,-308,-340,-337,-322,-322,-468,-445,-626,-679,-619,-581]} 1. e4 e5 2. Nf3 Nc6 3. Bc4 Bc5 4. c3 Nf6 5. d3 O-O 6. Bb3 {C54: Giuoco Piano: 4 c3 Nf6, main lines with 5 d4 and 5 d3} (6. a4 a6 7. O-O Ba7 8. Re1 d6 9. h3 b5 10. Ba2 b4 11. d4 bxc3 12. bxc3 Re8 13. Be3 h6 {½-½ (23) Karjakin,S (2773)-Aronian,L (2809) Saint Louis 2017}) 6... h6 7. h3 d5 8. Qe2 a5 {LiveBook: 4 Games} 9. a4 b6 (9... Be6 $5 {[%cal Rd5e4]} 10. Nbd2 Nh5 11. exd5 Bxd5 12. Bxd5 Nf4 $15) 10. O-O $146 (10. exd5 $11 Nxd5 11. O-O) ({Predecessor:} 10. exd5 Nxd5 11. Qe4 Nde7 12. Bc4 Bf5 13. Qe2 Ng6 {0-1 (36) Lagar,V (2162)-Saldano Dayer,H (2446) Rosario 2015}) 10... Ba6 $1 $17 {aiming for ...dxe4.} 11. exd5 e4 $1 {[%cal Re4f3]} ({But not} 11... Nxd5 $6 12. Qe4 $11) 12. Ne1 {[#]} Ne5 (12... exd3 $1 $17 13. Nxd3 Nxd5) 13. c4 $15 Nxd3 14. Nxd3 exd3 15. Qf3 {[#]} Re8 (15... c6 $1 $15 {[%mdl 512]}) 16. Nc3 {[#]} c6 $1 {[%mdl 512]} 17. Bf4 (17. dxc6 d2) 17... cxd5 $1 18. cxd5 Rc8 19. Nb5 Bxb5 20. axb5 Ne4 {...Qf6 is the strong threat.} 21. d6 Bxd6 22. Bxd6 Nxd6 23. Rad1 Nc4 {White must now prevent ...d2.} 24. Bxc4 (24. Qxd3 $11 {keeps the balance.} Qxd3 25. Rxd3) 24... Rxc4 $17 25. Rxd3 Rd4 26. Re3 (26. Rfd1 $15 Re1+ 27. Rxe1 Rxd3 28. Qc6) 26... Rd2 27. Rb1 Rxe3 28. Qxe3 {[%mdl 4096] Endgame KQR-KQR} Rd5 29. Rc1 Rxb5 30. Qe2 Rd5 31. Rc6 Rd1+ 32. Kh2 Rd6 33. Rc2 Re6 34. Qb5 Qd6+ 35. g3 Qe5 36. Qd3 Qe4 $36 {[%mdl 2048] Keeping White busy.} 37. Qd2 (37. Qd1 $17 {keeps fighting.}) 37... Rc6 $19 38. Rxc6 Qxc6 {KQ-KQ} 39. h4 h5 40. Qd8+ Kh7 41. Qd3+ g6 42. f3 (42. Qa6 $142) 42... a4 {Black is clearly winning.} 43. g4 (43. f4 $142 Qc5 44. Kg2) 43... hxg4 44. fxg4 Qf6 $1 {[%csl LRb2,LRh4] Precision: White = 35%, Black = 81%.} 0-1

[Event "FIDE World Cup 2017"]
[Site "Tbilisi"]
[Date "2017.09.04"]
[Round "1.2"]
[White "Mchedlishvili, Mikheil"]
[Black "Inarkiev, Ernesto"]
[Result "1/2-1/2"]
[WhiteElo "2607"]
[BlackElo "2694"]
[Annotator "TA"]
[PlyCount "51"]
[EventDate "2017.??.??"]
[EventType "k.o."]
[EventCountry "GEO"]
[SourceTitle "playchess.com"]
[Source "ChessBase"]
[SourceQuality "1"]

{[%evp 20,51,8,2,16,23,21,16,18,12,18,9,9,0,23,0,31,-18,-9,-21,-18,-29,-4,-22,-39,-45,-32,-50,-47,-42,0,-16,-14,-24]} 1. d4 Nf6 2. c4 e6 3. Nc3 Bb4 4. e3 O-O 5. Nge2 d5 6. a3 Be7 7. cxd5 exd5 8. Nf4 c6 9. Bd3 Na6 {E46: Nimzo-Indian: Rubinstein: 4 e3 0-0 5 Ne2 without early Bd3} 10. O-O Nc7 11. f3 {LiveBook: 9 Games} (11. Qc2 Bd6 12. f3 Re8 13. Nce2 Qe7 14. Ng3 c5 15. Qf2 b6 16. Bd2 g6 17. dxc5 bxc5 {0-1 (28) Nakamura,H (2787)-Carlsen,M (2853) chess.com INT 2016}) 11... c5 $146 ({Predecessor:} 11... b6 12. Bd2 c5 13. Be1 Bb7 14. Qd2 c4 15. Bc2 b5 16. e4 a5 17. e5 {½-½ (38) Leitao,R (2632)-Hou,Y (2671) Baku 2015}) 12. dxc5 Bxc5 13. b4 Bd6 14. Kh1 Re8 15. Bd2 Be5 16. Nfe2 Ne6 17. Rc1 d4 18. Nb5 dxe3 19. Bxe3 a6 20. Nbc3 Bd7 21. Bb1 (21. f4 $5 {[%cal Rf4e5]} Bxc3 22. Nxc3 $11 (22. Rxc3 Bc6 $15)) 21... Bc6 22. Ba2 Qc7 23. Bg1 Rad8 24. Qb3 Rd3 25. Qb1 Rd2 26. Rc2 {Precision: White = 33%, Black = 60%.} 1/2-1/2

[Event "FIDE World Cup 2017"]
[Site "Tbilisi"]
[Date "2017.09.04"]
[Round "1.2"]
[White "Aleksandrov, Aleksej"]
[Black "Najer, Evgeniy"]
[Result "1/2-1/2"]
[WhiteElo "2580"]
[BlackElo "2694"]
[Annotator "TA"]
[PlyCount "75"]
[EventDate "2017.??.??"]
[EventType "k.o."]
[EventCountry "GEO"]
[SourceTitle "playchess.com"]
[Source "ChessBase"]
[SourceQuality "1"]

{[%evp 22,75,12,0,33,0,6,-63,-55,-40,-7,-9,-11,-11,0,0,0,0,0,-95,-97,-94,-87,-98,-111,-152,-22,-32,-29,-31,-31,-31,-20,-25,-26,-23,-16,-212,-225,-206,-70,-431,0,0,0,0,0,0,0,0,0,0,0,0,0,0]} 1. d4 Nf6 2. Bf4 d5 3. e3 e6 4. Nd2 c5 5. c3 Nc6 6. Ngf3 Bd6 7. Bg3 O-O 8. Bb5 {D02: 1 d4 d5 2 Nf3 sidelines, including 2...Nf6 3 g3 and 2...Nf6 3 Bf4} (8. Bd3 b6 9. Qe2 Bb7 10. Rd1 Re8 11. e4 e5 12. dxe5 Nxe5 13. Nxe5 Bxe5 14. f4 dxe4 15. Bb5 Bc7 16. Nc4 Qe7 17. Bxe8 Rxe8 {1-0 (61) Le,Q (2739)-Caruana,F (2807) Saint Louis 2017}) 8... Qe7 9. Bxc6 bxc6 10. Qa4 Bxg3 11. hxg3 cxd4 12. cxd4 {LiveBook: 4 Games} Rb8 13. Nb3 $146 ({Find the theoretical novelty and annotate with similar games:} 13. O-O Rxb2 14. Rfb1 Rxb1+ 15. Rxb1 Qc7 {0-1 (62) Raznikov,D (2506)-Li,R (2486) Dallas 2016}) 13... Rb6 14. O-O (14. Nc5 $11) 14... Ra6 $15 15. Na5 c5 16. dxc5 $1 Qxc5 17. b4 Qd6 18. a3 e5 {[%cal Be6e5,Be5e4][%mdl 32]} 19. Rfc1 e4 20. Nd4 (20. Nh2 $11) 20... Ng4 $17 {Hoping for ...Qh6.} 21. Rc6 Rxc6 22. Qxc6 Qe5 23. Rc1 g6 (23... Be6 $17 {aiming for ...Qh5.} 24. Qc3 (24. Rc2 h6 $17) 24... Qh5) 24. Qc7 {Threatening Qxe5.} Qh5 25. Nac6 $1 {[%cal Rc6e7] Strongly threatening Ne7+.} Qh2+ 26. Kf1 {Ne7+ is the strong threat.} Qh1+ ({Reject} 26... Ba6+ $6 27. b5 $14) 27. Ke2 Qxg2 28. Qf4 $1 Bd7 29. Ne7+ $2 (29. Rc5 $11) 29... Kh8 $1 $19 {And now ...g5! would win.} 30. Rf1 {[#]} f6 (30... Kg7 $1 $19 31. Nxd5 Rc8) 31. Qd6 $2 {[%mdl 8192] [#]} (31. Nxd5 $15 Ne5 32. Qh6) 31... Nxf2 $2 {[#]} ({But not} 31... Rd8 $2 32. Qc7 $18) (31... Nh2 $1 $19 32. Nxg6+ hxg6 33. Qxf8+ Kh7) 32. Nxg6+ $1 $11 {[%mdl 512] The position is equal.} hxg6 33. Qxf8+ Kh7 34. Qf7+ Kh6 35. Qf8+ Kh7 36. Qf7+ Kh6 37. Qf8+ Kh7 {( -> ...Nd3+)} 38. Qf7+ {Precision: White = 51%, Black = 45%.} 1/2-1/2

[Event "FIDE World Cup 2017"]
[Site "Tbilisi"]
[Date "2017.09.04"]
[Round "1.2"]
[White "Flores, Diego"]
[Black "Bu, Xiangzhi"]
[Result "0-1"]
[WhiteElo "2580"]
[BlackElo "2714"]
[Annotator "TA"]
[PlyCount "78"]
[EventDate "2017.??.??"]
[EventType "k.o."]
[EventCountry "GEO"]
[SourceTitle "playchess.com"]
[Source "ChessBase"]
[SourceQuality "1"]

{[%evp 28,78,-49,-62,-68,-250,-254,-252,-254,-284,-295,-316,-316,-317,-303,-331,-329,-400,-393,-508,-477,-522,-535,-510,-498,-574,-545,-592,-621,-610,-608,-970,-969,-950,-922,-1031,-896,-871,-765,-909,-895,-904,-898,-952,-930,-29987,-29988,-29991,-29992,-29996,-29997,-29997,-29998]} 1. d4 Nf6 2. c4 e6 3. Nc3 Bb4 4. e3 O-O 5. a3 Bxc3+ 6. bxc3 c5 7. Bd3 Nc6 8. Ne2 b6 9. O-O Ba6 10. e4 Ne8 11. Ng3 Na5 12. f4 {E29: Nimzo-Indian: Sämisch: 5...0-0 6 e3 c5 7 Bd3 Nc6} f6 (12... Bxc4 13. Bxc4 Nxc4 14. f5 cxd4 15. cxd4 f6 16. Rb1 exf5 17. exf5 d5 18. Rb3 Qd7 19. Qh5 Ned6 20. Ne2 Qf7 21. Qh3 {½-½ (36) Jobava,B (2713)-Wojtaszek,R (2683) Khanty-Mansiysk 2011}) 13. f5 Bxc4 14. Bxc4 Nxc4 15. Rf4 {LiveBook: 4 Games} cxd4 16. Rh4 $146 (16. cxd4 $15 Ned6 17. Rh4) ({Predecessor:} 16. Qh5 e5 17. Rh4 d3 18. Qxh7+ Kf7 {½-½ (52) Van Elst,A (2271)-Bleunven,A (2197) Aix les Bains 2003}) 16... dxc3 $19 17. Qh5 Qc7 ({Less strong is} 17... h6 {[#]} 18. Bxh6 $1 {[%mdl 512]} b5 19. Rc1 $11) 18. Qxh7+ Kf7 19. Qh5+ Ke7 20. Qe2 Rc8 21. a4 Qe5 22. fxe6 dxe6 23. Bf4 Qd4+ 24. Kh1 {[#]} c2 $1 25. Rc1 {With the idea Nf5+!} (25. Qxc2 Qxa1+) 25... Ne5 26. h3 Qd3 27. Qe1 g5 {[%cal Bg7g5,Bg5g4][%mdl 32]} 28. Rh7+ Rf7 29. Bxe5 Rxh7 30. Bb2 g4 31. h4 Rxh4+ 32. Kg1 Rh6 33. Qf2 Qd1+ 34. Nf1 Nd6 35. e5 Nf5 {( -> ...Rch8)} 36. Qf4 g3 {Black mates.} 37. exf6+ Kf7 38. Qe4 Rch8 {[%csl Gh8][%cal Rh6h1]} 39. Qb7+ Kg6 {Precision: White = 24%, Black = 88%.} 0-1

[Event "FIDE World Cup 2017"]
[Site "Tbilisi"]
[Date "2017.09.04"]
[Round "1.2"]
[White "Stupak, Kirill"]
[Black "Gelfand, Boris"]
[Result "1/2-1/2"]
[WhiteElo "2579"]
[BlackElo "2737"]
[Annotator "TA"]
[PlyCount "72"]
[EventDate "2017.??.??"]
[EventType "k.o."]
[EventCountry "GEO"]
[SourceTitle "playchess.com"]
[Source "ChessBase"]
[SourceQuality "1"]

{[%evp 24,72,-20,-28,-24,-26,-23,-31,-25,-22,-10,-10,0,0,0,0,0,0,0,0,15,-13,-5,-18,0,0,0,-2,13,0,0,0,0,0,0,0,10,-191,-175,-168,-195,-314,-308,-300,-300,-269,-262,-310,-285,-285,0]} 1. d4 Nf6 2. Nf3 d5 3. Bf4 c5 4. e3 Nc6 5. c3 Qb6 6. Qb3 c4 7. Qc2 Bf5 8. Qc1 h6 9. h3 e6 {D02: 1 d4 d5 2 Nf3 sidelines, including 2...Nf6 3 g3 and 2...Nf6 3 Bf4} 10. Nbd2 Be7 11. Be2 Qd8 12. Ne5 Nxe5 13. Bxe5 {LiveBook: 3 Games} O-O 14. O-O b5 15. Re1 {[#]} Ne4 $146 ({Predecessor:} 15... Nd7 16. Bg3 b4 17. e4 Bg6 18. exd5 exd5 19. b3 cxb3 20. axb3 bxc3 21. Qxc3 {0-1 (48) Holmirzaev,B (2315)-Smirnov,P (2626) Tashkent 2014}) 16. Bf3 Ng5 17. Bd1 Bd6 18. Bxd6 Qxd6 19. Bc2 Bxc2 20. Qxc2 f5 21. b3 Rfc8 {[%cal Bf8c8,Bc8c7,Bc7f7,Bf7f2][%mdl 32]} 22. bxc4 bxc4 23. Qa4 Ne4 24. Nxe4 fxe4 25. Reb1 Rc7 26. Rb5 Rf8 27. Rab1 Rcf7 $36 {[%mdl 2048] White is under pressure.} 28. R1b2 Kh7 29. Qb4 Qd8 30. a4 $2 {[#]} (30. Rb7 $11 {and White has nothing to worry.}) 30... a5 $1 $19 {[%cal Ra5b4][%mdl 512]} 31. Rxa5 {Threatening Rb5.} (31. Qxa5 Qh4) 31... Qh4 32. Qd6 (32. Ra7 $142 Rxf2 33. Qb7 Rf1+ 34. Kh2) 32... Rxf2 {Black has a decisive advantage.} 33. Rxf2 Qxf2+ ({Weaker is} 33... Rxf2 34. Ra8 $17) 34. Kh2 {[#]} Rf6 $1 {[%cal Rf6g6] ( -> ...Rg6)} 35. Qg3 Qd2 {White must now prevent ...Rg6.} 36. Ra8 Rg6 $2 {Precision: White = 51%, Black = 63%.} (36... Qxc3 $19 37. a5 Qc1) 1/2-1/2

[Event "FIDE World Cup 2017"]
[Site "Tbilisi"]
[Date "2017.09.04"]
[Round "1.2"]
[White "Karthikeyan, Murali"]
[Black "Vallejo Pons, Francisco"]
[Result "1-0"]
[WhiteElo "2574"]
[BlackElo "2717"]
[Annotator "TA"]
[PlyCount "89"]
[EventDate "2017.??.??"]
[EventType "k.o."]
[EventCountry "GEO"]
[SourceTitle "playchess.com"]
[Source "ChessBase"]
[SourceQuality "1"]

{[%evp 32,89,18,14,24,-16,47,49,53,53,56,48,67,66,71,68,108,101,108,120,108,77,175,175,175,175,175,170,173,174,188,155,193,193,182,152,173,177,236,200,491,424,393,422,2112,908,12840,12840,12841,12841,12841,12842,12842,12843,12843,12843,12843,12843,12845,12846]} 1. e4 c5 2. Nf3 Nc6 3. Nc3 g6 4. d4 cxd4 5. Nxd4 Bg7 6. Be3 Nf6 7. Bc4 O-O 8. Bb3 d6 9. f3 Qa5 10. Qd2 Nxd4 11. Bxd4 Be6 12. O-O-O b5 13. Kb1 b4 14. Nd5 Bxd5 15. exd5 Qb5 {B77: Sicilian Dragon: Yugoslav Attack, 9 Bc4 sidelines} 16. Qd3 (16. Rhe1 a5 17. Qe2 Qxe2 18. Rxe2 a4 19. Bc4 Rfc8 20. b3 Rc7 21. Bb5 axb3 22. cxb3 Ra5 23. Bc4 {½-½ (41) Yu,Y (2721)-Guseinov,G (2634) Skopje 2015}) 16... Qxd3 17. Rxd3 {LiveBook: 11 Games} Nd7 {The position is equal.} 18. f4 $146 ({Predecessor:} 18. Re1 Ne5 19. Rdd1 g5 20. c4 bxc3 21. Bxc3 Rfc8 22. Re4 Rc7 23. Ba5 {0-1 (49) Szelag,M (2484)-Kanarek,M (2482) Chorzow 2013}) 18... Nc5 (18... Bxd4 $11 19. Rxd4 a5) 19. Bxc5 $14 dxc5 20. Re3 Bf6 21. g4 {[%cal Bg2g4,Bg4g5][%mdl 32]} g5 22. fxg5 Bxg5 23. Re4 Rae8 24. h4 $36 {[%mdl 2048] White is on the roll.} Bf6 25. g5 Bd4 26. Rhe1 e6 (26... Bf2 $16 {was necessary.}) 27. dxe6 $18 fxe6 28. Rxe6 Rxe6 29. Rxe6 {[%mdl 4096] Endgame KRB-KRB} Kg7 30. Re7+ Kg6 {( -> ...Rf1+)} 31. Bc4 a5 32. Bd3+ Kh5 33. Rxh7+ Kg4 34. g6 Rh8 (34... Rg8 $142 35. c3 bxc3) 35. Rc7 {And now Bc4 would win.} Kxh4 $2 {[#]} (35... Rg8 {was called for.} 36. c3 Rg7) 36. c3 $1 {[%mdl 512]} bxc3 37. bxc3 Bxc3 {[#]} (37... Be5 $142) 38. Bc4 $1 Rb8+ 39. Kc2 Be5 40. Rh7+ Kg5 41. g7 Bxg7 42. Rxg7+ Kf6 43. Ra7 Ke5 44. Rxa5 Rb4 45. Kc3 {Precision: White = 82%, Black = 25%.} 1-0

[Event "FIDE World Cup 2017"]
[Site "Tbilisi"]
[Date "2017.09.04"]
[Round "1.2"]
[White "Kazhgaleyev, Murtas"]
[Black "Ivanchuk, Vassily"]
[Result "1/2-1/2"]
[WhiteElo "2570"]
[BlackElo "2727"]
[Annotator "TA"]
[PlyCount "41"]
[EventDate "2017.??.??"]
[EventType "k.o."]
[EventCountry "GEO"]
[SourceTitle "playchess.com"]
[Source "ChessBase"]
[SourceQuality "1"]

{[%evp 20,41,0,-7,0,-7,-7,0,-7,-7,30,-12,-10,-10,-5,-25,-14,-6,-16,-14,-34,-44,-44,-49]} 1. d4 d5 2. c4 e6 3. Nc3 c6 4. e3 Nf6 5. Nf3 Nbd7 6. Qc2 Bd6 7. b3 O-O 8. Bb2 e5 9. Be2 {D45: Semi-Slav: 5 e3} (9. dxe5 Nxe5 10. O-O-O Qe7 11. Nd4 dxc4 12. bxc4 Ba3 13. h3 Bxb2+ 14. Kxb2 a5 15. g4 a4 16. g5 Nfd7 {½-½ (28) Meier,G (2630)-Karjakin,S (2783) chess.com INT 2017}) 9... e4 10. Nd2 Nb8 {[%cal Bd7b8,Bb8a6,Ba6c7][%mdl 32]} 11. h3 {LiveBook: 4 Games. The position is equal.} Be6 12. g4 Na6 13. a3 Nc7 14. O-O-O {[#]} a5 $146 ({Predecessor:} 14... b5 15. c5 Be7 16. f4 exf3 17. Bxf3 {1-0 (43) Matlakov,M (2673)-Michalik,P (2508) Czechia 2013}) 15. Kb1 {[#]} b5 $1 {[%mdl 512]} 16. c5 (16. cxb5 Nxb5) 16... Be7 17. g5 Nd7 18. h4 $1 f5 19. f3 b4 {[#] And now ...exf3 would win.} 20. axb4 axb4 21. Na4 {Precision: White = 57%, Black = 70%.} 1/2-1/2

[Event "FIDE World Cup 2017"]
[Site "Tbilisi"]
[Date "2017.09.04"]
[Round "1.2"]
[White "Batchuluun, Tsegmed"]
[Black "Adams, Michael"]
[Result "1/2-1/2"]
[WhiteElo "2566"]
[BlackElo "2738"]
[Annotator "TA"]
[PlyCount "43"]
[EventDate "2017.??.??"]
[EventType "k.o."]
[EventCountry "GEO"]
[SourceTitle "playchess.com"]
[Source "ChessBase"]
[SourceQuality "1"]

{[%evp 20,43,26,26,20,21,22,22,22,21,14,6,6,6,6,0,7,6,8,8,14,15,18,0,11,14]} 1. d4 Nf6 2. c4 e6 3. Nf3 d5 4. Nc3 Be7 5. Bf4 O-O 6. e3 Nbd7 7. a3 {D37: Queen's Gambit Declined: 5 Bf4} c5 8. cxd5 Nxd5 9. Nxd5 exd5 10. dxc5 Nxc5 11. Be5 {LiveBook: 142 Games} Bf5 12. Be2 {The position is equal.} Bf6 13. Bxf6 Qxf6 14. Nd4 Ne6 {[#]} 15. O-O $146 ({Predecessor:} 15. Nxf5 Qxf5 {½-½ (40) Mamedyarov,S (2761)-Aronian,L (2795) Moscow 2016}) 15... Nxd4 16. Qxd4 Qxd4 17. exd4 Rfe8 18. Bb5 Rec8 19. Rfc1 Rxc1+ 20. Rxc1 Rc8 21. Rc5 b6 22. Rxc8+ ({Not} 22. Rxd5 $2 Rc1+ 23. Bf1 g6 $19) 1/2-1/2